00401nam a2200157Ia 450000500170000000800410001702000150005805000220007310000180009524500410011326000350015430000330018944000060022252100070022852600080023520140414094223.0140130s9999 xx 000 0 und d a0516238523 aGN 391b.W56 2000 aWinne, Joanne cWinne, JoanneaLiving on an island / bScholastic,c2000.aNew York : a24 p. :bcol. ill. ;c15 cm. v1 aBR c100